书目信息 |
| 题名: |
建筑石膏生产与应用技术
|
|
| 作者: | 赵云龙 编著 | |
| 分册: | ||
| 出版信息: | 北京 中国建材工业出版社 2019.11 |
|
| 页数: | 405页 | |
| 开本: | 26cm | |
| 丛书名: | ||
| 单 册: | ||
| 中图分类: | TU521.2 | |
| 科图分类: | ||
| 主题词: | 建筑材料--jian zhu cai liao--石膏--基本知识 | |
| 电子资源: | ||
| ISBN: | 978-7-5160-2689-2 | |
| 000 | 01008nam0 2200253 450 | |
| 001 | 2038225245 | |
| 005 | 20201107103712.15 | |
| 010 | @a978-7-5160-2689-2@dCNY138.00 | |
| 100 | @a20191219d2019 em y0chiy50 ea | |
| 101 | 0 | @achi |
| 102 | @aCN@b110000 | |
| 105 | @aa a 000yy | |
| 200 | 1 | @a建筑石膏生产与应用技术@Ajian zhu shi gao sheng chan yu ying yong ji shu@f赵云龙编著 |
| 210 | @a北京@c中国建材工业出版社@d2019.11 | |
| 215 | @a405页@c图@d26cm | |
| 312 | @a英文题名取自封面 | |
| 320 | @a有书目 (第398-405页) | |
| 330 | @a本书包括建筑石膏的发展与管理、石膏原材料、石膏脱水及水化硬化机理、建筑石膏的改性、生产建筑石膏项目工艺选择问题、建筑石膏煅烧生产线主要设备、生产建筑石膏的质量控制及其影响因素、建筑石膏的质量检验、建筑石膏在使用中的注意事项、建筑石膏应用简述。 | |
| 510 | 1 | @aBuilding gypsum@zeng |
| 606 | 0 | @a建筑材料@Ajian zhu cai liao@x石膏@x基本知识 |
| 690 | @aTU521.2@v5 | |
| 701 | 0 | @a赵云龙@Azhao yun long@4编著 |
| 801 | 0 | @aCN@b人天书店@c20201003 |
| 905 | @aZUCC@dTU521.2@eZ343 | |
| 建筑石膏生产与应用技术/赵云龙编著.-北京:中国建材工业出版社,2019.11 |
| 405页:图;26cm |
| ISBN 978-7-5160-2689-2:CNY138.00 |
| 本书包括建筑石膏的发展与管理、石膏原材料、石膏脱水及水化硬化机理、建筑石膏的改性、生产建筑石膏项目工艺选择问题、建筑石膏煅烧生产线主要设备、生产建筑石膏的质量控制及其影响因素、建筑石膏的质量检验、建筑石膏在使用中的注意事项、建筑石膏应用简述。 |
| ● |
| 相关链接 |
|
|
|
正题名:建筑石膏生产与应用技术
索取号:TU521.2/Z343
 
预约/预借
| 序号 | 登录号 | 条形码 | 馆藏地/架位号 | 状态 | 备注 |
| 1 | 1484996 | 214849967 | 建筑库201/201建筑库 6排4列4层/ [索取号:TU521.2/Z343] | 在馆 |